000 01949 a2200229 4500
020 _a0130082171
020 _a9780130082176
082 0 4 _a658.1511
090 _c2654
_d2654
100 1 _aAtkinson, Anthony A.
245 1 0 _aManagement accounting, fourth edition /
_cAnthony A. Atkinson.
250 _a4th ed.
260 _a[S.l.] :
_bPrentice Hall,
_c2003.
300 _a624 p. ;
_c27 cm.
500 _aHardcover.
520 _aEach of the book's authors is both a scholar and a top consultant for Fortune 500 and smaller companies. As a result, they have a unique focus: to help readers better understand management accounting topics, research, and issues from the perspective of a business manager. KEY TOPICS A twelve chapter organization and framework addresses the needs of future business managers—specifically, how to interpret and use accounting information to make good decisions. The book answers many pertinent questions: What defines the nature, focus, and scope of management accounting? What determines the cost of products or customers? How do costs change over the product's life cycle? What approaches do managers use to compute the costs of their products and services? How can we use cost for planning and decision-making purposes? How can we use revenue and cost information for capacity planning and profit planning and evaluation purposes? How can we manage and control organizational behavior through organizational design, and how does cost information inform the process of control? For management accountants, cost system designers, incentive compensation system designers, and balanced scorecard implementers
700 _aKaplan, Robert S
700 _aYoung, S. Mark S
856 _3Amazon.com
_uhttp://www.amazon.com/exec/obidos/ASIN/0130082171/chopaconline-2
856 _3Amazon customer reviews
_uhttp://www.chopac.org/cgi-bin/tools/azrev.pl?q=013008217
942 _aNBS
_cBK
_k658.1511 ATK
999 _c345147
_d345147